[Event "Mistrovstvi CR senioru 2016 nad 50 let"]
[Site "Pelclovo divadlo Rychnov nad K"]
[Date "2016.08.25"]
[Round "6.1"]
[White "Urban, Zdenek"]
[Black "Mohapl, Petr"]
[Result "1-0"]
[WhiteElo "2153"]
[BlackElo "2098"]
[PlyCount "0"]
[EventDate "2016.08.20"]
[PlyCount "65"]

1. d4 Nf6 2. c4 e6 3. Nf3 c5 4. d5 exd5 5. cxd5 d6 6. Nc3 g6 7. h3 Bg7 8. e4
O-O 9. Bd3 a6 10. a4 Nh5 11. O-O Nd7 12. a5 Ne5 13. Be2 Nxf3+ 14. Bxf3 Nf6 15.
Bf4 Qe7 16. Qd2 Re8 17. Bg5 Qc7 18. Rfe1 Nd7 19. Be2 b5 20. axb6 Qxb6 21. Bf1
Rb8 22. Rab1 Qb3 23. Re3 Qb4 24. Ree1 a5 25. Ra1 Qxb2 26. Qxb2 Rxb2 27. Nb5
Rxb5 28. Bxb5 Bxa1 29. Rxa1 Rxe4 30. Rxa5 Nb6 31. Bd8 Nxd5 32. Ra8 Nc3 33. Bf6
1-0

[Event "Mistrovstvi CR senioru 2016 nad 50 let"]
[Site "Pelclovo divadlo Rychnov nad K"]
[Date "2016.08.25"]
[Round "6.2"]
[White "Sabol, Marian"]
[Black "Bartos, Jan"]
[Result "1-0"]
[WhiteElo "2337"]
[BlackElo "2156"]
[PlyCount "39"]
[EventDate "2016.08.20"]

1. e4 e5 2. Nf3 Nf6 3. Nxe5 d6 4. Nf3 Nxe4 5. Nc3 Nxc3 6. dxc3 Be7 7. Bf4 Nc6
8. Qd2 Be6 9. O-O-O Qd7 10. Bb5 a6 11. Bd3 h6 12. Be4 O-O-O 13. Rhe1 Bf6 14. h3
Rhe8 15. g4 g5 16. Bg3 Kb8 17. Re3 Ne5 18. Bxe5 Bxe5 19. Nxe5 dxe5 20. Rd3 1-0

[Event "Mistrovstvi CR senioru 2016 nad 50 let"]
[Site "Pelclovo divadlo Rychnov nad K"]
[Date "2016.08.25"]
[Round "6.3"]
[White "Elias, Miroslav"]
[Black "Kozak, Milos"]
[Result "1/2-1/2"]
[WhiteElo "2047"]
[BlackElo "2145"]
[PlyCount "26"]
[EventDate "2016.08.20"]

1. e4 e5 2. Bc4 Nf6 3. d3 Nc6 4. Nf3 Bc5 5. Nc3 h6 6. a3 d6 7. h3 O-O 8. Na4
Be6 9. Bxe6 fxe6 10. Nxc5 dxc5 11. Be3 b6 12. O-O Qe8 13. b4 cxb4 1/2-1/2

[Event "Mistrovstvi CR senioru 2016 nad 50 let"]
[Site "Pelclovo divadlo Rychnov nad K"]
[Date "2016.08.25"]
[Round "6.4"]
[White "Marinov, Peter"]
[Black "Petras, Milan"]
[Result "1/2-1/2"]
[WhiteElo "1763"]
[BlackElo "1963"]
[PlyCount "88"]
[EventDate "2016.08.20"]

1. d4 e6 2. e3 f5 3. Nd2 Nf6 4. Bd3 g6 5. f4 Bg7 6. Ngf3 b6 7. Qe2 O-O 8. c3 a5
9. a4 Ba6 10. c4 Nc6 11. b3 Nb4 12. Bb1 Re8 13. O-O c5 14. Ba3 Nbd5 15. Bd3 Nc3
16. Qe1 d6 17. Bc2 Bb7 18. Bb2 Nce4 19. Rd1 Qe7 20. Qe2 Rad8 21. Nb1 Nd7 22.
Bxe4 Bxe4 23. Nc3 Bb7 24. Nb5 Nf6 25. dxc5 dxc5 26. Rxd8 Rxd8 27. Rd1 Bxf3 28.
gxf3 Ne8 29. Bxg7 Kxg7 30. Rd3 g5 31. Rxd8 Qxd8 32. fxg5 Qxg5+ 33. Qg2 Qxg2+
34. Kxg2 Kf6 35. Kg3 Kg5 36. Na7 Nf6 37. Nc8 Nd7 38. Nd6 Kf6 39. f4 Ke7 40.
Nc8+ Kd8 41. Na7 Nf6 42. Nc6+ Ke8 43. Kf3 Ne4 44. Ke2 Nc3+ 1/2-1/2

[Event "Mistrovstvi CR senioru 2016 nad 50 let"]
[Site "Pelclovo divadlo Rychnov nad K"]
[Date "2016.08.25"]
[Round "6.5"]
[White "Fiedler, Bedrich"]
[Black "Pociejowski, Marek"]
[Result "1-0"]
[WhiteElo "2114"]
[BlackElo "1851"]
[PlyCount "113"]
[EventDate "2016.08.20"]

1. g3 d5 2. Bg2 Bf5 3. c4 e6 4. Qb3 Nc6 5. cxd5 exd5 6. Qxd5 Qxd5 7. Bxd5 Nb4
8. Bb3 Nc2+ 9. Bxc2 Bxc2 10. d3 Ba4 11. Nf3 Bc6 12. Nbd2 O-O-O 13. O-O f6 14.
b3 Bc5 15. Bb2 Ne7 16. d4 Bb6 17. e3 Rhe8 18. Rfc1 Kb8 19. Ne1 a6 20. Nd3 Bd7
21. Ne4 Ng6 22. Nec5 Bc8 23. a4 Nf8 24. b4 Ne6 25. Ba3 c6 26. Rab1 Nxc5 27.
Nxc5 Bf5 28. Rb2 Bxc5 29. Rxc5 Rd5 30. b5 Rxc5 31. Bxc5 axb5 32. axb5 cxb5 33.
Rxb5 Be4 34. g4 Re6 35. h4 Bf3 36. g5 fxg5 37. hxg5 Rg6 38. Be7 Re6 39. Bf8 Bc6
40. Rf5 Rg6 41. d5 Be8 42. e4 h6 43. Be7 hxg5 44. Rf8 Kc7 45. Rxe8 Kd7 46. Rb8
Kxe7 47. Rxb7+ Ke8 48. Kg2 g4 49. Kg3 Kf8 50. e5 Kg8 51. Kf4 g3 52. fxg3 Ra6
53. g4 g6 54. e6 Kf8 55. Rb8+ Kg7 56. e7 Ra4+ 57. Kg5 1-0

[Event "Mistrovstvi CR senioru 2016 nad 50 let"]
[Site "Pelclovo divadlo Rychnov nad K"]
[Date "2016.08.25"]
[Round "6.6"]
[White "Siebenburger, Vlastimil"]
[Black "Korinkova, Eva"]
[Result "1-0"]
[WhiteElo "2068"]
[BlackElo "1740"]
[PlyCount "0"]
[EventDate "2016.08.20"]
[PlyCount "79"]

1. d4 Nf6 2. c4 g6 3. Nc3 d5 4. cxd5 Nxd5 5. Bd2 Bg7 6. e4 Nb6 7. Be3 O-O 8.
Nf3 Nc6 9. Be2 Bg4 10. d5 Bxf3 11. gxf3 Ne5 12. Bd4 Qd6 13. f4 Ned7 14. e5 Nxe5
15. fxe5 Bxe5 16. Bxe5 Qxe5 17. Qd3 Rfd8 18. Qg3 Qxg3 19. hxg3 Nxd5 20. O-O-O
Nxc3 21. bxc3 Rd6 22. Bf3 Rb8 23. Kc2 b6 24. Rhe1 Kf8 25. Rxd6 cxd6 26. Re4 Rc8
27. Kb3 e6 28. Rc4 Rc5 29. Rxc5 bxc5 30. Kc4 Ke7 31. Kb5 Kd7 32. Ka6 d5 33.
Kxa7 c4 34. Kb7 Kd6 35. a4 e5 36. a5 d4 37. a6 f5 38. a7 e4 39. a8=Q dxc3 40.
Qa3+ 1-0

[Event "Mistrovstvi CR senioru 2016 nad 50 let"]
[Site "Pelclovo divadlo Rychnov nad K"]
[Date "2016.08.25"]
[Round "6.7"]
[White "Humlicek, Vojtech"]
[Black "Papacek, Milos"]
[Result "1-0"]
[WhiteElo "1963"]
[BlackElo "1752"]
[PlyCount "0"]
[EventDate "2016.08.20"]
[PlyCount "105"]

1. e4 e5 2. Nf3 Nc6 3. Bb5 a6 4. Ba4 Nf6 5. O-O Be7 6. Re1 b5 7. Bb3 O-O 8. c3
d6 9. d4 Bg4 10. Be3 Na5 11. Nbd2 c5 12. Bc2 Qc7 13. Rc1 Nb7 14. h3 Bh5 15. Nf1
Bg6 16. Ng3 Nh5 17. Nf5 Rfe8 18. N3h4 Bf8 19. g4 Nf6 20. Qf3 Rad8 21. d5 c4 22.
Bg5 Be7 23. Kh2 h6 24. Nxh6+ gxh6 25. Bxf6 Bxf6 26. Qxf6 Qe7 27. Qxe7 Rxe7 28.
Nf5 Bxf5 29. gxf5 Kh7 30. Rg1 Rg8 31. Rg3 Ree8 32. Rcg1 Nc5 33. Kg2 Nd7 34. Re1
Nf6 35. Bd1 a5 36. Ree3 Rc8 37. Kf1 Rb8 38. Ke1 b4 39. Kd2 Rgc8 40. Re1 Rc7 41.
Bf3 a4 42. Rc1 Rcb7 43. Rgg1 bxc3+ 44. bxc3 a3 45. Rc2 Rb1 46. Rxb1 Rxb1 47.
Ke3 Nd7 48. Be2 Nc5 49. f4 f6 50. fxe5 fxe5 51. Bg4 Kg7 52. Rg2 Na4 53. Bd1+
1-0

[Event "Mistrovstvi CR senioru 2016 nad 50 let"]
[Site "Pelclovo divadlo Rychnov nad K"]
[Date "2016.08.25"]
[Round "6.8"]
[White "Cvejn, Jaroslav"]
[Black "Stuchly, Jaroslav"]
[Result "0-1"]
[WhiteElo "1682"]
[BlackElo "1871"]
[PlyCount "114"]
[EventDate "2016.08.20"]

1. e4 c5 2. Nf3 Nc6 3. Nc3 d6 4. d4 cxd4 5. Nxd4 g6 6. Nxc6 bxc6 7. Qd4 Nf6 8.
e5 dxe5 9. Qxe5 Bg7 10. Qc5 Bb7 11. Be2 Nd7 12. Qb4 Qc7 13. O-O O-O 14. Qh4 Nf6
15. Bf3 Nd5 16. Nxd5 cxd5 17. c3 e6 18. Be3 Ba6 19. Rfe1 Qb7 20. Bc1 Rac8 21.
Qa4 Bb5 22. Qa3 Rfd8 23. Be3 a6 24. Qb3 Qc7 25. a4 Bc4 26. Qb6 Be5 27. Qxc7
Bxc7 28. Bg5 Rd7 29. Bf6 Rb8 30. b4 Bd6 31. Be2 Bxe2 32. Rxe2 Rc7 33. Bd4 Rc4
34. Bf6 Kf8 35. Rd1 Rbc8 36. g3 a5 37. bxa5 Rxa4 38. Rb1 Rxa5 39. Rb7 Rac5 40.
Rb3 Kg8 41. Kg2 Bf8 42. Bd4 R5c6 43. Ra2 Bg7 44. Bxg7 Kxg7 45. Raa3 R8c7 46. h3
e5 47. f3 h5 48. Kf2 Kf6 49. Ke3 Kf5 50. Kd2 g5 51. Ra4 Rc4 52. Ra5 R7c5 53.
Rbb5 Rxb5 54. Rxb5 h4 55. gxh4 Rxh4 56. Ke3 Rc4 57. Rxd5 Rxc3+ {chybny zapis}
0-1

[Event "Mistrovstvi CR senioru 2016 nad 60 let"]
[Site "Pelclovo divadlo Rychnov nad K"]
[Date "2016.08.25"]
[Round "6.1"]
[White "Vorobyov, Yrij"]
[Black "Pilar, Miloslav"]
[Result "1-0"]
[WhiteElo "2160"]
[BlackElo "2173"]
[PlyCount "99"]
[EventDate "2016.08.20"]

1. Nf3 Nf6 2. c4 c5 3. d4 cxd4 4. Nxd4 d6 5. Nc3 g6 6. e4 Bg7 7. Be2 Bd7 8. Be3
O-O 9. f3 Nc6 10. Qd2 a6 11. O-O Nxd4 12. Bxd4 Bc6 13. b4 Ne8 14. Kh1 Bxd4 15.
Qxd4 Nc7 16. Rfd1 a5 17. b5 Ne6 18. Qe3 Bd7 19. e5 dxe5 20. Qxe5 Qe8 21. Rd2
Rd8 22. Rad1 f6 23. Qe3 Bc8 24. Rxd8 Nxd8 25. Qb6 e5 26. Qxa5 Ne6 27. Qb4 Nd4
28. c5 Kg7 29. a4 h5 30. Bd3 h4 31. Ne2 h3 32. Nxd4 hxg2+ 33. Kxg2 exd4 34.
Qxd4 Qe6 35. Be4 Rh8 36. Qd6 Qh3+ 37. Kg1 Rh5 38. Qe7+ Kh6 39. Qf8+ Kg5 40.
Rd5+ Bf5 41. Qd6 Kh6 42. Qf4+ Rg5+ 43. Kf2 Qg2+ 44. Ke3 Qg1+ 45. Kd2 Kg7 46.
Bxf5 Rg2+ 47. Kc3 Qa1+ 48. Kb4 Qe1+ 49. Kb3 gxf5 50. Qxf5 1-0

[Event "Mistrovstvi CR senioru 2016 nad 60 let"]
[Site "Pelclovo divadlo Rychnov nad K"]
[Date "2016.08.25"]
[Round "6.2"]
[White "Novotny, Josef"]
[Black "Jablecnik, Gustav"]
[Result "1/2-1/2"]
[WhiteElo "2078"]
[BlackElo "2108"]
[PlyCount "44"]
[EventDate "2016.08.20"]

1. e3 d5 2. d3 c5 3. Nf3 Nc6 4. g3 Nf6 5. Bg2 e5 6. Nc3 Be7 7. O-O O-O 8. h3 h6
9. Re1 Be6 10. Kh2 a6 11. a4 Qc7 12. Bd2 b6 13. Qc1 Rfe8 14. e4 dxe4 15. Nxe4
Nxe4 16. Rxe4 Bd5 17. Re1 Bf6 18. Bc3 Rad8 19. Qd1 Nd4 20. Bxd4 cxd4 21. Nd2
Bxg2 22. Kxg2 g6 1/2-1/2

[Event "Mistrovstvi CR senioru 2016 nad 60 let"]
[Site "Pelclovo divadlo Rychnov nad K"]
[Date "2016.08.25"]
[Round "6.3"]
[White "Pospisil, Evzen"]
[Black "Uhmann, Jan"]
[Result "1/2-1/2"]
[WhiteElo "2097"]
[BlackElo "2063"]
[PlyCount "0"]
[EventDate "2016.08.20"]
[PlyCount "99"]

1. d4 d5 2. Nf3 Nf6 3. g3 e6 4. c4 c6 5. Bg2 Ne4 6. O-O f5 7. b3 Be7 8. Bb2 O-O
9. Nbd2 Nd7 10. Ne1 b6 11. f3 Nd6 12. Nd3 Bb7 13. e4 fxe4 14. fxe4 Rxf1+ 15.
Qxf1 Bg5 16. Nf4 Nf8 17. e5 Ne8 18. h4 Be7 19. Bh3 Nc7 20. cxd5 cxd5 21. Qf3
Bb4 22. Nf1 Qd7 23. Rc1 Re8 24. Bc3 Ba3 25. Rc2 Nb5 26. Ba1 Rc8 27. Qd1 Rxc2
28. Qxc2 Qc7 29. Ne3 Bc8 30. Nfxd5 Qd8 31. Qc4 Bd7 32. Nf4 Qe7 33. Kh2 Qb4 34.
Qxb4 Bxb4 35. d5 Kf7 36. Kg2 Bc5 37. Kf3 Nd4+ 38. Ke4 exd5+ 39. Nexd5 Nde6 40.
Nxe6 Nxe6 41. Bxe6+ Bxe6 42. Nf4 g6 43. Nxe6 Kxe6 44. Bd4 Bb4 45. a4 Be1 46.
Kf4 Bd2+ 47. Kf3 Kd5 48. Bb2 a6 49. Kg4 h5+ 50. Kf3 1/2-1/2

[Event "Mistrovstvi CR senioru 2016 nad 60 let"]
[Site "Pelclovo divadlo Rychnov nad K"]
[Date "2016.08.25"]
[Round "6.4"]
[White "Trojan, Lubos"]
[Black "Pribyl, Josef"]
[Result "0-1"]
[WhiteElo "1989"]
[BlackElo "2266"]
[PlyCount "90"]
[EventDate "2016.08.20"]

1. d4 Nf6 2. Nf3 g6 3. e3 Bg7 4. Be2 d5 5. Nbd2 O-O 6. h3 c5 7. Ne5 Nfd7 8. f4
Nxe5 9. fxe5 Nc6 10. Nf3 Qb6 11. c3 Bf5 12. g4 Be4 13. Rg1 cxd4 14. exd4 Nxe5
15. Ng5 f5 16. Qb3 Nc6 17. Ne6 Rf7 18. gxf5 Bxf5 19. Ng5 Qxb3 20. axb3 Rff8 21.
Bg4 Bxg4 22. hxg4 Rf6 23. b4 h6 24. Nh3 g5 25. Nf2 Raf8 26. Be3 a6 27. Nd3 Rf3
28. Kd2 Kf7 29. Raf1 Ke8 30. Rxf3 Rxf3 31. Ke2 Rh3 32. Nf2 Rh4 33. Nd3 e5 34.
dxe5 Nxe5 35. Bd4 Nxd3 36. Kxd3 Rh3+ 37. Be3 Be5 38. Ke2 Kd7 39. Bc5 Ke6 40.
Kd1 Rh2 41. Kc1 h5 42. Re1 Kf6 43. gxh5 Bf4+ 44. Kb1 Rxh5 45. Re7 b6 0-1

[Event "Mistrovstvi CR senioru 2016 nad 60 let"]
[Site "Pelclovo divadlo Rychnov nad K"]
[Date "2016.08.25"]
[Round "6.5"]
[White "Dolezal, Radoslav"]
[Black "Mlynek, Petr"]
[Result "0-1"]
[WhiteElo "1974"]
[BlackElo "2153"]
[PlyCount "0"]
[EventDate "2016.08.20"]
[PlyCount "124"]

1. e4 c6 2. d4 d5 3. Nd2 dxe4 4. Nxe4 Nd7 5. Nf3 Ngf6 6. Nxf6+ Nxf6 7. Bd3 Bg4
8. c3 Qd5 9. Be2 e6 10. Bf4 Qe4 11. Qd2 Nd5 12. Bg3 Bxf3 13. gxf3 Qf5 14. h4
Be7 15. O-O-O O-O-O 16. Qd3 Qxd3 17. Bxd3 Bd6 18. Rde1 b5 19. Be4 Kd7 20. Bxd5
exd5 21. Bxd6 Kxd6 22. Kd2 Rde8 23. Re3 Re6 24. Rxe6+ Kxe6 25. Re1+ Kd7 26. f4
a5 27. f5 h5 28. Rg1 Rh7 29. Ke3 Ke7 30. Kf4 Kf6 31. a3 Rh8 32. Re1 Rb8 33. b4
Ra8 34. Re3 a4 35. Re2 Rg8 36. Re5 g6 37. fxg6 fxg6 38. Ke3 g5 39. hxg5+ Rxg5
40. Re8 Kf5 41. f3 Rg7 42. Re5+ Kg6 43. Kf4 Rf7+ 44. Kg3 Rf5 45. Re8 Rf6 46. f4
Kf7 47. Rh8 Kg6 48. Rg8+ Kf5 49. Rg5+ Ke4 50. Rxh5 Kd3 51. f5 Kxc3 52. Kf4 Kxd4
53. Rh1 Kc3 54. Ke5 Rf8 55. Rc1+ Kb2 56. Rxc6 Kxa3 57. f6 Kxb4 58. Kxd5 a3 59.
Ra6 Kb3 60. Kc5 b4 61. Rb6 Rc8+ 62. Kd4 a2 0-1

[Event "Mistrovstvi CR senioru 2016 nad 60 let"]
[Site "Pelclovo divadlo Rychnov nad K"]
[Date "2016.08.25"]
[Round "6.6"]
[White "Sibl, Vaclav"]
[Black "Juricek, Stanislav"]
[Result "1/2-1/2"]
[WhiteElo "1944"]
[BlackElo "2082"]
[PlyCount "0"]
[EventDate "2016.08.20"]
[PlyCount "45"]

1. d4 Nf6 2. Nf3 e6 3. Bf4 Be7 4. e3 d6 5. h3 b6 6. Be2 Bb7 7. O-O O-O 8. Nbd2
Nbd7 9. c3 Ne4 10. Nxe4 Bxe4 11. Nd2 Bb7 12. Bf3 Qc8 13. Bxb7 Qxb7 14. Nf3 Rfe8
15. a4 c5 16. Qc2 d5 17. Rfe1 Bf6 18. Rad1 a6 19. Bg5 Rac8 20. Bxf6 Nxf6 21.
Ra1 Ne4 22. Qe2 Ra8 23. Ra2 1/2-1/2

[Event "Mistrovstvi CR senioru 2016 nad 60 let"]
[Site "Pelclovo divadlo Rychnov nad K"]
[Date "2016.08.25"]
[Round "6.7"]
[White "Drabek, Miloslav"]
[Black "Sobotnik, Petr"]
[Result "1/2-1/2"]
[WhiteElo "2078"]
[BlackElo "1947"]
[PlyCount "22"]
[EventDate "2016.08.20"]

1. d4 Nf6 2. Nf3 d5 3. c4 c6 4. Nbd2 g6 5. g3 Bg7 6. Bg2 O-O 7. Qa4 Nbd7 8.
cxd5 cxd5 9. O-O a6 10. e3 Re8 11. Qb3 e6 1/2-1/2

[Event "Mistrovstvi CR senioru 2016 nad 60 let"]
[Site "Pelclovo divadlo Rychnov nad K"]
[Date "2016.08.25"]
[Round "6.8"]
[White "Rucka, Alois"]
[Black "Lorenc, Oldrich"]
[Result "1-0"]
[WhiteElo "1927"]
[BlackElo "2063"]
[PlyCount "0"]
[EventDate "2016.08.20"]
[PlyCount "135"]

1. d4 Nf6 2. c4 c5 3. Nf3 cxd4 4. Nxd4 g6 5. Nc3 Bg7 6. e4 d6 7. Be2 Nc6 8. Be3
O-O 9. O-O Nxd4 10. Bxd4 Be6 11. Rc1 a6 12. f3 Rc8 13. b3 Qa5 14. Qd2 Nd7 15.
Bxg7 Kxg7 16. Qd4+ f6 17. f4 Qc5 18. Qxc5 Rxc5 19. Rc2 Rfc8 20. Rfc1 h6 21. Bd3
R5c7 22. Nd5 Bxd5 23. cxd5 Rxc2 24. Rxc2 Rxc2 25. Bxc2 g5 26. g3 gxf4 27. gxf4
f5 28. e5 Kg6 29. exd6 exd6 30. Kf2 Nf6 31. Bd1 Nxd5 32. Bf3 Nxf4 33. Bxb7 a5
34. Ke3 Ne6 35. a3 Kf6 36. b4 axb4 37. axb4 Ke5 38. b5 f4+ 39. Kf2 Nc5 40. Bc8
Na4 41. Kf3 d5 42. Bb7 Nb6 43. Bc6 d4 44. Be4 Nd7 45. Bc6 Nb6 46. Be4 Nc4 47.
Bd3 Nb6 48. Be4 Nd7 49. Bc2 Nc5 50. b6 Kd5 51. Be4+ Kc4 52. b7 Nxb7 53. Bxb7
Kc5 54. Kxf4 Kd6 55. Kf5 Ke7 56. Kg6 Kf8 57. Kh7 d3 58. h4 d2 59. Bf3 Kf7 60.
h5 Kf8 61. Bd1 Kf7 62. Bb3+ Kf8 63. Ba4 Kf7 64. Kh8 Kf6 65. Bb3 Ke7 66. Kg7 Ke8
67. Kxh6 Kf8 68. Kh7 1-0

[Event "Mistrovstvi CR senioru 2016 nad 60 let"]
[Site "Pelclovo divadlo Rychnov nad K"]
[Date "2016.08.25"]
[Round "6.9"]
[White "Briza, Jiri"]
[Black "Ondrejat, Miroslav"]
[Result "1-0"]
[WhiteElo "1904"]
[BlackElo "2028"]
[PlyCount "97"]
[EventDate "2016.08.20"]

1. e4 c5 2. c3 e6 3. d4 d5 4. e5 Nc6 5. Nf3 Qb6 6. Be2 Bd7 7. O-O a5 8. a4 cxd4
9. cxd4 Nge7 10. Nc3 Nf5 11. Nb5 Na7 12. Qb3 Nxb5 13. Bxb5 Bxb5 14. Qxb5+ Qxb5
15. axb5 Bb4 16. g4 Ne7 17. Bd2 Bxd2 18. Nxd2 Kd7 19. Rfc1 h5 20. h3 hxg4 21.
hxg4 Rh4 22. f3 f5 23. exf6 gxf6 24. b6 Nc6 25. Nb3 Kd6 26. Nc5 Nxd4 27. Nxb7+
Ke5 28. Kg2 Rah8 29. Rh1 Rxh1 30. Rxh1 Rxh1 31. Kxh1 Nc6 32. Kg2 Kf4 33. Kf2 d4
34. Nc5 f5 35. Nxe6+ Ke5 36. gxf5 Kxf5 37. Nc5 Ke5 38. b7 Kd5 39. Na6 Kc4 40.
b8=Q Nxb8 41. Nxb8 Kb3 42. Nc6 a4 43. Nxd4+ Kxb2 44. Nb5 Kb3 45. Ke3 Kc4 46.
Nd6+ Kb3 47. Kd3 a3 48. Nb5 a2 49. Nd4+ 1-0

[Event "Mistrovstvi CR senioru 2016 nad 60 let"]
[Site "Pelclovo divadlo Rychnov nad K"]
[Date "2016.08.25"]
[Round "6.10"]
[White "Jirasek, Jiri"]
[Black "Salac, Jiri"]
[Result "0-1"]
[WhiteElo "1899"]
[BlackElo "2102"]
[PlyCount "80"]
[EventDate "2016.08.20"]

1. d4 d5 2. c4 c6 3. e3 Bf5 4. Nc3 e6 5. Nf3 Nd7 6. Bd3 Bg6 7. O-O Ngf6 8. Ne5
Nxe5 9. dxe5 Nd7 10. f4 Bxd3 11. Qxd3 Be7 12. cxd5 exd5 13. Bd2 O-O 14. Rf3 f6
15. Rh3 g6 16. exf6 Bxf6 17. Rf1 Qe7 18. f5 Nc5 19. Qe2 Ne4 20. Nd1 Be5 21. Be1
Rxf5 22. Rxf5 gxf5 23. Qh5 Rf8 24. Bh4 Qf7 25. Qe2 Qg7 26. b3 Qg4 27. Qe1 Rf7
28. Bg3 Rg7 29. Nf2 Qg5 30. Nxe4 fxe4 31. Qe2 Qf6 32. Qh5 Bxg3 33. hxg3 Rf7 34.
Kh2 Qf5 35. Qd1 Qf2 36. Qg4+ Rg7 37. Qc8+ Qf8 38. Qe6+ Kh8 39. Rh4 Qe7 40. Qc8+
Rg8 {Partie pokracovala 41.Df4, cerny vyhral v 57. tahu} 0-1

[Event "Mistrovstvi CR senioru 2016 nad 60 let"]
[Site "Pelclovo divadlo Rychnov nad K"]
[Date "2016.08.25"]
[Round "6.11"]
[White "Hlavac, Frantisek"]
[Black "Divis, Libor"]
[Result "1/2-1/2"]
[WhiteElo "1989"]
[BlackElo "1880"]
[PlyCount "47"]
[EventDate "2016.08.20"]

1. e4 d6 2. d4 Nd7 3. Nf3 c6 4. Nc3 e5 5. a4 Ngf6 6. h3 Be7 7. Be3 O-O 8. Be2
Qc7 9. O-O Re8 10. Qd2 Nf8 11. Rad1 h6 12. Nh2 Ng6 13. f4 Nh7 14. f5 Ngf8 15.
dxe5 dxe5 16. Bc4 Bf6 17. Nf3 Qe7 18. Kh2 b6 19. Qf2 Bb7 20. Rg1 Rad8 21. Rxd8
Rxd8 22. h4 Qb4 23. Bb3 Rd4 24. Ne2 1/2-1/2

[Event "Mistrovstvi CR senioru 2016 nad 60 let"]
[Site "Pelclovo divadlo Rychnov nad K"]
[Date "2016.08.25"]
[Round "6.12"]
[White "Just, Pavel"]
[Black "Perik, Alois"]
[Result "1-0"]
[WhiteElo "1971"]
[BlackElo "1829"]
[PlyCount "25"]
[EventDate "2016.08.20"]

1. e4 c6 2. d4 d5 3. f3 dxe4 4. fxe4 e5 5. Nf3 exd4 6. Bc4 Nf6 7. O-O Bg4 8.
Bxf7+ Kxf7 9. Ne5+ Kg8 10. Nxg4 Nxg4 11. Qxg4 Qd7 12. Qf3 Bc5 13. Qb3+ 1-0

[Event "Mistrovstvi CR senioru 2016 nad 60 let"]
[Site "Pelclovo divadlo Rychnov nad K"]
[Date "2016.08.25"]
[Round "6.13"]
[White "Franc, Lubor"]
[Black "Kohout, Jan"]
[Result "1/2-1/2"]
[WhiteElo "1843"]
[BlackElo "1963"]
[PlyCount "29"]
[EventDate "2016.08.20"]

1. e4 c5 2. Nf3 d6 3. d4 cxd4 4. Nxd4 Nf6 5. Nc3 a6 6. a4 e6 7. Nb3 b6 8. g3
Bb7 9. Bg2 Be7 10. O-O Qc7 11. Be3 Nbd7 12. Qe2 O-O 13. h3 Rac8 14. Rfc1 Rfd8
15. f4 1/2-1/2

[Event "Mistrovstvi CR senioru 2016 nad 60 let"]
[Site "Pelclovo divadlo Rychnov nad K"]
[Date "2016.08.25"]
[Round "6.14"]
[White "Sveda, Jiri"]
[Black "Wiedermann, Jan"]
[Result "0-1"]
[WhiteElo "1930"]
[BlackElo "1779"]
[PlyCount "104"]
[EventDate "2016.08.20"]

1. e4 c5 2. Bc4 d6 3. c3 e6 4. Nf3 Nf6 5. d3 Be7 6. h3 Nc6 7. Bb3 b5 8. O-O a5
9. a3 O-O 10. Re1 Bb7 11. Nbd2 b4 12. Nf1 Nd7 13. Ng3 g6 14. Bh6 Re8 15. Qd2
Bf6 16. Rad1 a4 17. Ba2 bxc3 18. bxc3 Nce5 19. Nh2 Ba6 20. Qe3 c4 21. d4 Nd3
22. Re2 e5 23. Nf3 Bg7 24. Bg5 Bf6 25. Bh6 Bg7 26. Bg5 Bf6 27. h4 h5 28. Red2
Qa5 29. Rc2 Rab8 30. Bxf6 Nxf6 31. Qg5 Nh7 32. Qh6 Nf4 33. Nf5 Ne6 34. Nxd6 Re7
35. Nxe5 Nd8 36. Ndxf7 Rxf7 37. Nxf7 Nxf7 38. Qf4 Rb3 39. e5 Qd5 40. Re1 Bb7
41. f3 Bc8 42. e6 Bxe6 43. Rce2 Bf5 44. g4 hxg4 45. fxg4 Bd3 46. Re8+ Kg7 47.
Bxb3 axb3 48. g5 b2 49. Qb8 Nhxg5 50. Rg8+ Kh7 51. hxg5 Qxg5+ 52. Kh2 Qh4+ 0-1

[Event "Mistrovstvi CR senioru 2016 nad 60 let"]
[Site "Pelclovo divadlo Rychnov nad K"]
[Date "2016.08.25"]
[Round "6.15"]
[White "Kolek, Josef"]
[Black "Pavlis, Jaromir"]
[Result "0-1"]
[WhiteElo "1796"]
[BlackElo "1903"]
[PlyCount "49"]
[EventDate "2016.08.20"]

1. e4 d6 2. d4 Nf6 3. Bd3 g6 4. Bg5 Bg7 5. c3 O-O 6. Nd2 c6 7. a4 a5 8. h3 Qc7
9. Rc1 e5 10. Ne2 Be6 11. O-O h6 12. Bh4 Nh5 13. g4 Nf4 14. Nxf4 exf4 15. f3 d5
16. e5 c5 17. Bf2 Nc6 18. h4 Qb6 19. Bb5 cxd4 20. Nb3 Nxe5 21. Re1 Qd8 22. h5
gxh5 23. gxh5 Qg5+ 24. Kf1 Bh3+ 25. Ke2 0-1

[Event "Mistrovstvi CR senioru 2016 nad 60 let"]
[Site "Pelclovo divadlo Rychnov nad K"]
[Date "2016.08.25"]
[Round "6.16"]
[White "Zboril, Jaroslav"]
[Black "Kindl, Frantisek"]
[Result "1/2-1/2"]
[WhiteElo "1980"]
[BlackElo "1760"]
[PlyCount "41"]
[EventDate "2016.08.20"]

1. Nf3 c5 2. b3 Nf6 3. Bb2 e6 4. c4 Be7 5. Nc3 O-O 6. d4 cxd4 7. Nxd4 d5 8. e3
Nc6 9. Be2 Nxd4 10. Qxd4 dxc4 11. Qxd8 Rxd8 12. Bxc4 b6 13. Ke2 Bb7 14. f3 Nd5
15. Nxd5 Bxd5 16. Bxd5 Rxd5 17. Rhd1 Rad8 18. e4 R5d7 19. Rxd7 Rxd7 20. Rd1
Rxd1 21. Kxd1 1/2-1/2

[Event "Mistrovstvi CR senioru 2016 nad 60 let"]
[Site "Pelclovo divadlo Rychnov nad K"]
[Date "2016.08.25"]
[Round "6.17"]
[White "Tsapanidis, Vasilis"]
[Black "Novotny, Jaroslav"]
[Result "1/2-1/2"]
[WhiteElo "1817"]
[BlackElo "1926"]
[PlyCount "103"]
[EventDate "2016.08.20"]

1. c4 Nf6 2. Nc3 g6 3. d4 Bg7 4. e4 d6 5. Be2 O-O 6. h3 e5 7. Nf3 exd4 8. Nxd4
Re8 9. Qd3 Nbd7 10. Nb3 a5 11. a4 Qe7 12. f3 Ne5 13. Qc2 c6 14. Be3 Be6 15. Nd2
Nh5 16. Bf2 Nf4 17. Bf1 d5 18. cxd5 cxd5 19. g3 dxe4 20. fxe4 Nh5 21. Bg2 Red8
22. O-O Rac8 23. Kh2 Nd3 24. Be3 Nxb2 25. Ndb1 Nc4 26. Bf2 Be5 27. Rd1 Qg5 28.
Rd3 Rxd3 29. Qxd3 Qc1 30. Qf1 Qc2 31. Ra2 Nb2 32. Nd5 Kg7 33. Ra3 Nc4 34. Rd3
Qxa4 35. Nbc3 Qc2 36. Bd4 Bxd4 37. Rxd4 Ne3 38. Nxe3 Qxc3 39. Rd3 Qb2 40. Nd5
Qe5 41. Rf3 f5 42. Ne7 Bc4 43. Nxf5+ gxf5 44. Qf2 fxe4 45. Rf5 e3 46. Qf3 Qe7
47. Rxh5 Be6 48. Qxe3 Re8 49. Qd4+ Kg8 50. Re5 Qf7 51. Rg5+ Kf8 52. Re5 1/2-1/2

[Event "Mistrovstvi CR senioru 2016 nad 60 let"]
[Site "Pelclovo divadlo Rychnov nad K"]
[Date "2016.08.25"]
[Round "6.18"]
[White "Kasik, Miroslav"]
[Black "Vlachopulos, Georgis"]
[Result "1/2-1/2"]
[WhiteElo "1752"]
[BlackElo "1908"]
[PlyCount "0"]
[EventDate "2016.08.20"]

1. e4 e5 2. Nf3 Nc6 3. Bb5 a6 4. Ba4 Be7 5. O-O b5 6. Bb3 Nf6 7. d4 exd4 8. e5
Ng4 9. Bf4 Nh6 10. Nxd4 Nxd4 11. Qxd4 Bb7 12. c3 Nf5 13. Qd3 Nh4 14. Bd5 Bxd5
15. Qxd5 O-O 16. Rd1 Qc8 17. Nd2 c6 18. Qb3 Qc7 19. Re1 d5 20. exd6 Bxd6 21.
Bxd6 Qxd6 22. Ne4 Qg6 23. Ng3 Rad8 24. Rad1 Rd3 25. Rxd3 Qxd3 26. Rd1 Qg6 27.
Qb4 Qg5 28. Qe4 f5 29. Qe5 Ng6 30. Qe6+ Kh8 31. Qxc6 Qe7 32. Qd6 1/2-1/2

[Event "Mistrovstvi CR senioru 2016 nad 60 let"]
[Site "Pelclovo divadlo Rychnov nad K"]
[Date "2016.08.25"]
[Round "6.19"]
[White "Splitek, Lubos"]
[Black "Lexa, Vaclav"]
[Result "0-1"]
[WhiteElo "1745"]
[BlackElo "1860"]
[PlyCount "63"]
[EventDate "2016.08.20"]
[PlyCount "64"]

1. e4 c5 2. Nc3 d6 3. g3 Nc6 4. Bg2 g6 5. d3 Bg7 6. Be3 e6 7. Qd2 Nge7 8. Bh6
O-O 9. h4 f6 10. Nh3 Ne5 11. f3 N7c6 12. O-O-O Rb8 13. g4 b5 14. Bxg7 Kxg7 15.
g5 Nd4 16. Rdf1 f5 17. Nf4 Qa5 18. Kb1 Bd7 19. h5 Rh8 20. exf5 Nxf5 21. Re1 Nd4
22. Rhf1 b4 23. Ne4 Nb5 24. Ka1 c4 25. c3 b3 26. a3 Nxa3 27. bxa3 Qxa3+ 28. Kb1
b2 29. Nxe6+ Bxe6 30. h6+ Kg8 31. Nf6+ Kf7 32. Qe3 cxd3 0-1